000 00618nam a2200277Ia 4500
005 20260324134512.0
008 008 260324s9999 xx 000 0 eng d
020 _a9781315012322
037 _aEBOOK
040 _aCRL
040 _beng
040 _cCRL
041 _2eng
041 _aeng
084 _qCRL
100 _aEdward Sell
_91197051
245 4 _aThe Faith of Islam
260 _bTaylor and Francis
260 _c2001
365 _a
365 _b230
856 _uhttp://www.taylorfrancis.com/books/9781315012322
942 _cEBOOK
999 _c1797225
_d1797225